<?xml version="1.0" encoding="UTF-8"?>
<record
    xmlns:xsi="http://www.w3.org/2001/XMLSchema-instance"
    xsi:schemaLocation="http://www.loc.gov/MARC21/slim http://www.loc.gov/standards/marcxml/schema/MARC21slim.xsd"
    xmlns="http://www.loc.gov/MARC21/slim">

  <leader>00945cam a22002291  4500</leader>
  <controlfield tag="001">he 68003471 </controlfield>
  <controlfield tag="003">DLC</controlfield>
  <controlfield tag="005">20260227111505.0</controlfield>
  <controlfield tag="008">850117s1968    is            000 0 heb  </controlfield>
  <datafield tag="010" ind1=" " ind2=" ">
    <subfield code="a">he 68003471 </subfield>
  </datafield>
  <datafield tag="035" ind1=" " ind2=" ">
    <subfield code="a">(OCoLC)19208174</subfield>
  </datafield>
  <datafield tag="040" ind1=" " ind2=" ">
    <subfield code="a">DLC</subfield>
    <subfield code="c">MH</subfield>
    <subfield code="d">DLC</subfield>
  </datafield>
  <datafield tag="050" ind1="0" ind2="0">
    <subfield code="a">PN1995</subfield>
    <subfield code="b">.M25</subfield>
  </datafield>
  <datafield tag="100" ind1="1" ind2=" ">
    <subfield code="a">Malkin, Yaakov,</subfield>
    <subfield code="d">1926-</subfield>
  </datafield>
  <datafield tag="245" ind1="1" ind2="0">
    <subfield code="a">&#x1E32;olno&#x2BB;a &#x1E7F;e-&#x1E25;ofesh ha-ahavah /</subfield>
    <subfield code="c">Ya&#x2BB;a&#x1E33;ov Malkin martseh ; &#x1E32;olno&#x2BB;ah ke-sifrut ba-Mil&#x1E25;amah nistaymah, be-Hiroshimah ahuvati me-et Alan Ranah, Malah Dolche &#x1E7E;i&#x1E6D;ah, be-Shemoneh &#x1E7F;a-hetsi me-et Federi&#x1E33;o Felini.</subfield>
  </datafield>
  <datafield tag="260" ind1=" " ind2=" ">
    <subfield code="a">Haifa :</subfield>
    <subfield code="b">[Pan] be-shituf &#x2BB;im ha-arkhiyon ha-Yi&#x15B;re&#x2BC;eli li-sera&#x1E6D;im</subfield>
    <subfield code="c">[1968]</subfield>
  </datafield>
  <datafield tag="300" ind1=" " ind2=" ">
    <subfield code="a">2, 157 p. :</subfield>
    <subfield code="b">ill. ;</subfield>
    <subfield code="c">17 cm.</subfield>
  </datafield>
  <datafield tag="500" ind1=" " ind2=" ">
    <subfield code="a">Preface also in English.</subfield>
  </datafield>
  <datafield tag="500" ind1=" " ind2=" ">
    <subfield code="a">Added t.p.: Yaakov Malkin lectures on films as literature.</subfield>
  </datafield>
  <datafield tag="650" ind1=" " ind2="0">
    <subfield code="a">Motion picture plays</subfield>
    <subfield code="x">History and criticism.</subfield>
  </datafield>
  <datafield tag="650" ind1=" " ind2="0">
    <subfield code="a">Motion pictures</subfield>
    <subfield code="x">Plots, themes, etc.</subfield>
  </datafield>
  <datafield tag="999" ind1=" " ind2=" ">
    <subfield code="c">33886</subfield>
    <subfield code="d">33886</subfield>
  </datafield>
</record>
